LEADER 00917nam0 22002531i 450 001 UON00008294 005 20231205101921.526 100 $a20020107d1977 |0itac50 ba 101 $atur 102 $aTR 105 $a|||| 1|||| 200 1 $aAbdulhamit Devrinde Sansur$fCevdet Kudret 210 $aS.L.$cMilliyet$d1977 215 $a128 p.$d21 cm 606 $aImpero ottomano$xStoria (1299-1922)$3UONC001304$2FI 686 $aOTT IV$cIMPERO OTTOMANO - STORIA$2A 700 1$aKUDRET$bCevdet$3UONV006853$0638868 712 $aMilliyet$3UONV246329$4650 801 $aIT$bSOL$c20250919$gRICA 899 $aSIBA - SISTEMA BIBLIOTECARIO DI ATENEO$2UONSI 912 $aUON00008294 950 $aSIBA - SISTEMA BIBLIOTECARIO DI ATENEO$dSI OTT IV 460 N $eSI SA 42984 5 460 N 996 $aAbdulhamit Devrinde Sansur$91177257 997 $aUNIOR